Structural timber design and technology/ (Record no. 6350)
[ view plain ]
| 000 -LEADER | |
|---|---|
| fixed length control field | 00619nac a22002051u 4500 |
| 020 ## - INTERNATIONAL STANDARD BOOK NUMBER | |
| International Standard Book Number | 0582494850 |
| 082 ## - DEWEY DECIMAL CLASSIFICATION NUMBER | |
| Classification number | 624.184 |
| Item number | MET |
| 090 ## - LOCALLY ASSIGNED LC-TYPE CALL NUMBER (OCLC); LOCAL CALL NUMBER (OCLC) | |
| -- | 6350 |
| -- | 6350 |
| 100 ## - MAIN ENTRY--PERSONAL NAME | |
| Personal name | Mettem C. J. |
| 245 ## - TITLE STATEMENT | |
| Title | Structural timber design and technology/ |
| Statement of responsibility, etc | C. J. Mettem |
| 260 ## - PUBLICATION, DISTRIBUTION, ETC. (IMPRINT) | |
| Place of publication, distribution, etc | Harlow: |
| Name of publisher, distributor, etc | Longman scientific and yechnical,1986 |
| Date of publication, distribution, etc | 1986 |
| 300 ## - PHYSICAL DESCRIPTION | |
| Extent | 343p.: |
| Other physical details | ill.; |
| Dimensions | 28 cm. |
| 500 ## - GENERAL NOTE | |
| General note | distributer: Al-Ahram |
| 500 ## - GENERAL NOTE | |
| General note | Includes index |
| 511 ## - PARTICIPANT OR PERFORMER NOTE | |
| Participant or performer note | catalogued by: wessam |
| 650 ## - SUBJECT ADDED ENTRY--TOPICAL TERM | |
| Topical term or geographic name as entry element | Timber |
| 650 ## - SUBJECT ADDED ENTRY--TOPICAL TERM | |
| Topical term or geographic name as entry element | structural design |
| 650 ## - SUBJECT ADDED ENTRY--TOPICAL TERM | |
| Topical term or geographic name as entry element | building wooden |
| 942 ## - ADDED ENTRY ELEMENTS (KOHA) | |
| Item type | Book - Borrowing |
| Call number prefix | 624.184MET |
| Withdrawn status | Item status | Damaged status | Not for loan | Home library | Current library | Shelving location | Date acquired | Source of acquisition | Total Checkouts | Full call number | Barcode | Date last seen | Koha item type |
|---|---|---|---|---|---|---|---|---|---|---|---|---|---|
| Central Library | Central Library | First floor | 21/11/2007 | Purchase | 624.184MET | 000007192 | 15/07/2025 | Book - Borrowing |